| 000 | 00508nam a2200181Ia 4500 | ||
|---|---|---|---|
| 999 |
_c3595 _d3595 |
||
| 003 | GBCCL | ||
| 005 | 20241126110458.0 | ||
| 008 | 171129b xxu||||| |||| 00| 0 eng d | ||
| 040 | _cgbc | ||
| 082 |
_a248.844 _bTOW |
||
| 100 |
_aTowsend, Claude _97158 |
||
| 245 |
_aHow to Minister To Your Spouse / _cClaude Townsend |
||
| 260 |
_bAll India Prayer Fellowship, _aNew Delhi: _c1984 |
||
| 300 |
_a70p.; _c17 cm. |
||
| 650 |
_aChristian Counselling _97159 |
||
| 650 |
_aMarried couples _97160 |
||
| 942 |
_2ddc _cBK _03 |
||